[Event "Nuremberg Zabo op 10th"]
[Site "Nuremberg"]
[Date "2008.09.20"]
[Round "3"]
[White "Spieske, Alexander"]
[Black "Halamicek, Robin"]
[Result "1-0"]
[WhiteElo "1499"]
[BlackElo "1143"]
[PlyCount "75"]
[EventDate "2008.09.19"]
[EventType "swiss"]
[EventRounds "5"]
[EventCountry "GER"]
[SourceTitle "EXT 2012"]
[Source "ChessBase"]
[SourceDate "2011.11.24"]
[SourceVersion "1"]
[SourceVersionDate "2011.11.24"]
[SourceQuality "1"]

1. e4 e5 2. Nf3 Nc6 3. Bc4 Bc5 4. d3 d6 5. 0-0 Qf6 6. Be3 Bb6 7. c3 Bg4 8. Nbd2 Nge7 9. h3 Bd7 10. b4 h6 11. a4 g5 12. a5 Bxe3 13. fxe3 g4 14. Nh2 Qh4 15. Bxf7+ Kd8 16. Nxg4 Bxg4 17. Qxg4 Qxg4 18. hxg4 Kd7 19. Bh5 Rag8 20. Rf6 d5 21. Raf1 Nd8 22. Kh2 Ne6 23. Bf7 Ng5 24. Bxg8 Rxg8 25. Rxh6 b6 26. axb6 cxb6 27. Nf3 dxe4 28. Nxg5 Rxg5 29. dxe4 Rxg4 30. Ra1 Nc6 31. b5 Na5 32. Rh7+ Kd6 33. Rxa7 Rxe4 34. Re1 Kc5 35. Kh3 Kxb5 36. Rc7 Nc4 37. g4 Nd2 38. Kg3 1-0